Premiers ministres français - Image - Statistiques

Statistiques générales
  • Ce quiz a été pris 29 fois
  • Le résultat moyen est 13 sur 16
Statistiques - réponses
Par images Réponse % Correct
François Bayrou
100%
Jacques Chirac
100%
Édouard Philippe
96%
Élisabeth Borne
96%
Gabriel Attal
96%
Manuel Valls
96%
François Fillon
93%
Lionel Jospin
93%
Dominique de Villepin
86%
Alain Juppé
82%
Georges Pompidou
79%
Bernard Cazeneuve
75%
Edith Cresson
75%
Laurent Fabius
68%
Michel Rocard
54%
Pierre Messmer
36%
Aucun quiz correspondant
Distribution des résultats
% des personnes avec chaque résultat
Percentile par nombre de réponses
Votre historique - résultats
Vous n’avez pas pris ce quiz